000 00745nam a2200217Ii 4500
003 JO-AjNU
008 230606s9999||||xx |||||||||||||| ||und||
020 _a81-7141-520-2
040 _aJO-AjNU
_beng
_erda
_cJO-AjNU
041 _aeng
050 1 4 _aLC4697 2010
100 3 _aSukumaran, P.S,
_eauthor
_91348
245 0 0 _aParental Involvement in the Education Of Mentally Handicapped Children
250 _a1 ed
264 3 1 _aNew York:Discovery Publishing House,2010
300 _a227P
336 _atext
_btxt
_2rdacontent
337 _aunmediated
_bn
_2rdamedia
338 _avolume
_bnc
_2rdacarrier
650 4 _aChildren with mental disabilities-Education. Education-Parent participation-India. Children With Mental Disabilities.
_91349
999 _aE712
_c712
_d712